000 00504nam a22001817a 4500
005 20251108172158.0
008 250721s1985 xx 000 0 ara d
082 1 4 _aط/ق/صمو
100 1 _aعبد الشهيد، صموئيل
245 1 0 _aعازفة الكمان :
_bقصص من الوجدان /
250 _aط5
264 1 _aبيروت :
_bبيت الحكمة،
_c1985.
300 _a111ص
650 1 7 _aأدب الأطفال
650 1 7 _aالقصص
942 _2ddc
_cBK
999 _c72420
_d72420